[Event "Oslo Open 2016"]
[Site "Fornebu NOR"]
[Date "2016.10.03"]
[Round "5.10"]
[White "Devereaux, Maxim L"]
[Black "Van den Bersselaar, Jeroen"]
[Result "1-0"]
[WhiteTitle "IM"]
[WhiteElo "2374"]
[BlackElo "2143"]
[WhiteFideId "408280"]
[BlackFideId "1006282"]
[EventDate "2016.09.30"]

1. Nf3 Nf6 2. c4 e6 3. g3 d5 4. Bg2 Be7 5. O-O O-O 6. d4 dxc4 7. Qc2 a6 8. a4
Bd7 9. Rd1 Bc6 10. Nc3 Nbd7 11. e4 b5 12. d5 exd5 13. e5 Ne4 14. Nxd5 Bxd5 15.
Rxd5 Nec5 16. axb5 Nb3 17. Rxa6 Rxa6 18. bxa6 c6 19. Rd1 Nxc1 20. Qxc1 Qc7 21.
Qxc4 Nc5 22. Nd4 1-0

[Event "Oslo Open 2016"]
[Site "Fornebu NOR"]
[Date "2016.10.03"]
[Round "5.11"]
[White "Djurhuus, Eivind X"]
[Black "Mihajlov, Sebastian"]
[Result "0-1"]
[BlackTitle "FM"]
[WhiteElo "2127"]
[BlackElo "2356"]
[WhiteFideId "1515721"]
[BlackFideId "1512110"]
[EventDate "2016.09.30"]

1. e4 e6 2. d4 d5 3. Nc3 Nf6 4. e5 Nfd7 5. f4 c5 6. Nf3 Nc6 7. Be3 h6 8. Qd2 g5
9. dxc5 gxf4 10. Bxf4 Nxc5 11. O-O-O a6 12. Nd4 Bd7 13. Be2 Qa5 14. Kb1 O-O-O
15. Rhf1 b5 16. Bh5 Nxd4 17. Qxd4 b4 18. Ne2 Ne4 19. Qg1 Bb5 20. Be3 Bc4 21. Nc1
Bxf1 22. Rxf1 d4 23. Nb3 Qxe5 24. Bxd4 Rxd4 25. Be2 Bc5 26. Bxa6+ Kb8 27. Rxf7
Rd7 0-1

[Event "Oslo Open 2016"]
[Site "Fornebu NOR"]
[Date "2016.10.03"]
[Round "5.12"]
[White "Hobber, Anders"]
[Black "Vestby-Ellingsen, Mads"]
[Result "1/2-1/2"]
[WhiteTitle "FM"]
[WhiteElo "2331"]
[BlackElo "2084"]
[WhiteFideId "1505424"]
[BlackFideId "1520857"]
[EventDate "2016.09.30"]

1. d4 Nf6 2. Nf3 g6 3. Nc3 d5 4. Bf4 Bg7 5. e3 O-O 6. Be2 c5 7. Ne5 Nc6 8. O-O
Bf5 9. Nxc6 bxc6 10. Be5 Nd7 11. Bxg7 Kxg7 12. Na4 cxd4 13. exd4 e5 14. c3 Be6
15. dxe5 Nxe5 16. Nc5 Nd7 17. Nxd7 Bxd7 18. Qd4+ Qf6 19. Qc5 Rfe8 20. Bd3 1/2-1/2

[Event "Oslo Open 2016"]
[Site "Fornebu NOR"]
[Date "2016.10.03"]
[Round "5.13"]
[White "Machlik, Edit"]
[Black "Dolzhykova, Kateryna"]
[Result "1/2-1/2"]
[BlackTitle "WIM"]
[WhiteElo "2056"]
[BlackElo "2267"]
[WhiteFideId "1513591"]
[BlackFideId "14113414"]
[EventDate "2016.09.30"]

1. d4 Nf6 2. c4 g6 3. Nc3 Bg7 4. e4 d6 5. f4 O-O 6. Nf3 Na6 7. Bd3 e5 8. dxe5
dxe5 9. Nxe5 Ng4 10. Nxg4 Bxg4 11. Be2 Qxd1+ 12. Bxd1 Bxd1 13. Kxd1 Rad8+ 14.
Kc2 Rd4 15. Be3 Rxc4 16. e5 f6 17. exf6 Bxf6 18. Rad1 Nc5 19. Bxc5 Rxc5 20. g3
Re8 21. Rhe1 Rxe1 22. Rxe1 Kf7 23. Re3 Rh5 24. Re2 Rc5 25. Re3 Rc6 26. Rd3 h5
27. h3 Ke6 28. g4 hxg4 29. hxg4 Rc4 30. Re3+ Kf7 31. Re4 Rc6 32. Re3 Rd6 33. Ne4
Re6 34. Kd3 Ra6 35. Nxf6 Kxf6 36. a3 Rd6+ 37. Ke4 Rd2 38. b3 Rf2 39. Rc3 c6 40.
Rc5 Re2+ 41. Kf3 Rh2 42. Kg3 Ra2 43. a4 Rb2 44. Rc3 c5 45. g5+ Ke6 46. Rxc5
Rxb3+ 47. Kg4 Rb1 48. Rc7 Rg1+ 49. Kf3 Rf1+ 50. Kg4 Rg1+ 51. Kf3 Rf1+ 52. Kg4
Rg1+ 1/2-1/2

[Event "Oslo Open 2016"]
[Site "Fornebu NOR"]
[Date "2016.10.03"]
[Round "5.14"]
[White "Store, Trond"]
[Black "Ronneland, Daniel"]
[Result "0-1"]
[WhiteElo "2049"]
[BlackElo "2192"]
[WhiteFideId "1515772"]
[BlackFideId "1702130"]
[EventDate "2016.09.30"]

1. d4 Nf6 2. c4 g6 3. Nc3 Bg7 4. e4 d6 5. Nf3 O-O 6. Be2 e5 7. O-O Nbd7 8. Be3
c6 9. b4 exd4 10. Nxd4 Re8 11. Qc2 Qe7 12. f3 a6 13. Bf2 Ne5 14. Rad1 Be6 15.
Nxe6 Qxe6 16. Na4 Nfd7 17. f4 Ng4 18. Bxg4 Qxg4 19. Rxd6 Nf6 20. e5 Nh5 21. Be3
Bf8 22. h3 Qg3 23. Rd3 Rad8 24. Bd4 Qh4 25. Bf2 Qe7 26. Bc5 Qh4 27. Bf2 Qe7 28.
Bc5 Qh4 29. Rxd8 Rxd8 30. Bxf8 Kxf8 31. f5 Qd4+ 32. Qf2 Ng3 33. Re1 Nxf5 34. e6
Qxf2+ 35. Kxf2 Rd2+ 36. Kf3 Rxa2 37. Nc5 Nd4+ 38. Kg3 Nxe6 39. Nxb7 Rb2 40. Ra1
Rxb4 41. Na5 c5 42. Nc6 Rxc4 43. Rxa6 Rc3+ 44. Kf2 Rc2+ 45. Kg3 Nd4 46. Ne5 Re2
47. Nd7+ Kg7 48. Nxc5 Nf5+ 49. Kf3 Rc2 50. Ne4 Nh4+ 51. Kg3 Nxg2 52. Ra7 Ne3 53.
Nd6 Nf5+ 54. Nxf5+ gxf5 55. Ra5 Kg6 56. Ra6+ f6 57. Ra8 Rc3+ 58. Kh4 Rc4+ 59.
Kg3 f4+ 60. Kh4 Rc3 61. Kg4 Rg3+ 62. Kxf4 Rxh3 63. Rg8+ Kf7 64. Ra8 Rb3 65. Kg4
Rb5 66. Kh4 Rg5 67. Rb8 Ke6 68. Rb6+ Kf5 69. Rb5+ Kg6 70. Rb6 h5 71. Rb8 Rg4+
72. Kh3 f5 73. Rg8+ Kf6 74. Rf8+ Kg5 75. Rg8+ Kf4 76. Rh8 h4 77. Ra8 Rg1 78.
Ra4+ Kg5 79. Ra5 Rg3+ 80. Kh2 Kg4 81. Ra8 f4 82. Rg8+ Kf3 83. Ra8 h3 84. Rb8 Kf2
85. Rb2+ Kf3 86. Rb8 Rg2+ 87. Kxh3 Re2 88. Rf8 Re4 89. Ra8 Kf2 90. Ra2+ Re2 91.
Ra1 f3 92. Kg4 Kg2 0-1

[Event "Oslo Open 2016"]
[Site "Fornebu NOR"]
[Date "2016.10.03"]
[Round "5.15"]
[White "Sahl, Sheila Barth"]
[Black "Smeby, Ole"]
[Result "1-0"]
[WhiteTitle "WIM"]
[WhiteElo "2181"]
[BlackElo "1888"]
[WhiteFideId "1500953"]
[BlackFideId "1503677"]
[EventDate "2016.09.30"]

1. e4 d5 2. exd5 Qxd5 3. Nc3 Qa5 4. Bc4 Nf6 5. d3 c6 6. Qe2 Bg4 7. f3 Bh5 8. Bd2
Qc7 9. O-O-O Nbd7 10. g4 Bg6 11. f4 h6 12. Nh3 Nb6 13. f5 Bh7 14. Nf4 Nxc4 15.
dxc4 O-O-O 16. Nd3 e6 17. Qf2 Nxg4 18. Qxa7 Bxf5 19. Na4 Qb8 20. Nb6+ Kc7 21.
Qa5 Bxd3 22. cxd3 Nf2 23. Be3 Nxd1 24. Rxd1 g5 25. Rf1 f5 26. Qe5+ Rd6 27. c5
Rh7 28. Nc4 Kd7 29. cxd6 b5 30. Nb6+ 1-0

[Event "Oslo Open 2016"]
[Site "Fornebu NOR"]
[Date "2016.10.03"]
[Round "5.17"]
[White "Sousa, Ludy Helsio Paulo"]
[Black "Aarnes, Carl Christian"]
[Result "1-0"]
[WhiteElo "2174"]
[BlackElo "1803"]
[WhiteFideId "1504134"]
[BlackFideId "1500660"]
[EventDate "2016.09.30"]

1. e4 e6 2. d4 d5 3. Nc3 Nf6 4. Bg5 dxe4 5. Nxe4 Be7 6. Bxf6 Bxf6 7. Nf3 Nd7 8.
Bd3 c5 9. Nd6+ Kf8 10. Qd2 Qb6 11. Nc4 Qc7 12. c3 b5 13. Nce5 c4 14. Be4 Bb7 15.
Qf4 Rc8 16. Bxb7 Qxb7 17. O-O Nb6 18. Rfe1 Nd5 19. Qe4 Rc7 20. a4 b4 21. cxb4
Qxb4 22. Nxf7 Rxf7 23. Qxe6 Ne7 24. d5 Qb8 25. Rac1 g6 26. Rxc4 Kg7 27. d6 Nf5
28. Ne5 Nxd6 29. Nxf7 Nxf7 30. b4 Rd8 31. g3 Rd6 32. Qe3 a6 33. h4 Qd8 34. Qa7
Bd4 35. Qb7 Rf6 36. Rc2 Rb6 37. Qe7 Qxe7 38. Rxe7 Kf6 39. Rd7 Be5 40. a5 Re6 41.
Ra7 Bd4 42. Rd7 Be5 43. Rc8 Bd6 44. b5 axb5 45. a6 Bb8 46. Rxb8 Rxa6 47. Rf8 1-0

[Event "Oslo Open 2016"]
[Site "Fornebu NOR"]
[Date "2016.10.03"]
[Round "5.19"]
[White "Kovachev, Daniel Jakobsen"]
[Black "Hoti, Nimon"]
[Result "1-0"]
[WhiteTitle "FM"]
[WhiteElo "2329"]
[BlackElo "1959"]
[WhiteFideId "1503448"]
[BlackFideId "1510746"]
[EventDate "2016.09.30"]

1. e4 c6 2. c4 e5 3. Nf3 d6 4. d4 Bg4 5. Be2 Bxf3 6. Bxf3 Qc7 7. Nc3 Be7 8. Be3
Nf6 9. O-O h6 10. g3 Nbd7 11. Bg2 g5 12. d5 Nf8 13. b4 Ng6 14. Bh3 Rg8 15. Qa4
Kf8 16. dxc6 bxc6 17. Rfc1 Kg7 18. Bf5 Rgd8 19. b5 c5 20. Qd1 Nf8 21. Nd5 Nxd5
22. exd5 Ng6 23. Rcb1 Bf6 24. a4 Ne7 25. Be4 Rab8 26. a5 Qd7 27. Qh5 Rh8 28. Ra3
Ng6 29. Bd2 a6 30. b6 Be7 31. Rf3 Rhf8 32. Rf5 Bf6 33. Rb3 Rh8 34. Rbf3 Qe7 35.
Rxf6 Qxf6 36. Rxf6 Kxf6 37. Bc3 Ne7 38. f4 Rbg8 39. fxe5+ dxe5 1-0

[Event "Oslo Open 2016"]
[Site "Fornebu NOR"]
[Date "2016.10.03"]
[Round "5.20"]
[White "Welling, Gerard"]
[Black "Robertsen, Bjorn"]
[Result "1-0"]
[WhiteTitle "IM"]
[WhiteElo "2319"]
[BlackElo "1943"]
[WhiteFideId "1000446"]
[BlackFideId "1521632"]
[EventDate "2016.09.30"]

1. d4 d5 2. e3 Bf5 3. Nf3 Nf6 4. c4 c6 5. cxd5 cxd5 6. Nc3 Nc6 7. Ne5 Bd7 8. f4
e6 9. Bd3 Bd6 10. O-O Rc8 11. Bd2 O-O 12. Rf3 a6 13. Rh3 g6 14. g4 Bb4 15. g5
Nxe5 16. fxe5 Ne8 17. Qg4 Bxc3 18. Bxc3 Ng7 19. Rh6 Bb5 20. Bxb5 axb5 21. Rf1
Kh8 22. Rf3 Rg8 23. Rxf7 Rf8 24. Qh4 Kg8 25. Rxg7+ 1-0

[Event "Oslo Open 2016"]
[Site "Fornebu NOR"]
[Date "2016.10.03"]
[Round "5.21"]
[White "Berntsen-Oybo, August"]
[Black "Risting, Eivind Olav"]
[Result "0-1"]
[BlackTitle "FM"]
[WhiteElo "1936"]
[BlackElo "2292"]
[WhiteFideId "1520555"]
[BlackFideId "1517333"]
[EventDate "2016.09.30"]

1. Nf3 Nf6 2. d4 c5 3. d5 b5 4. c4 g6 5. cxb5 a6 6. bxa6 Bg7 7. Nc3 O-O 8. g3 d6
9. Bg2 Qa5 10. O-O Bxa6 11. Re1 Nbd7 12. Qc2 Rfb8 13. Bd2 Qb6 14. Rab1 Bc4 15.
b3 Bxd5 16. Nxd5 Nxd5 17. Qc4 N5f6 18. a4 d5 19. Qc2 e5 20. Rec1 Qa6 21. Bf1 Qe6
22. Ng5 Qe7 23. Nf3 e4 24. Ne1 Rc8 25. e3 Ne5 26. Qd1 Rd8 27. Bc3 Nfg4 28. Be2
Nh6 29. Rc2 d4 30. exd4 cxd4 31. Bxd4 Nf5 32. Rd2 Nxd4 33. Rxd4 Rxd4 34. Qxd4
Nf3+ 35. Nxf3 Bxd4 36. Nxd4 Qc5 37. Nb5 e3 0-1

[Event "Oslo Open 2016"]
[Site "Fornebu NOR"]
[Date "2016.10.03"]
[Round "5.22"]
[White "Greibrokk, Ingrid"]
[Black "Haugli, Petter"]
[Result "1-0"]
[BlackTitle "IM"]
[WhiteElo "1887"]
[BlackElo "2257"]
[WhiteFideId "1518321"]
[BlackFideId "1500104"]
[EventDate "2016.09.30"]

1. e4 c5 2. Nf3 e6 3. b3 d5 4. exd5 exd5 5. d4 Nf6 6. Bb2 Nc6 7. Be2 cxd4 8.
Nxd4 Bb4+ 9. c3 Bd6 10. O-O O-O 11. Nxc6 bxc6 12. c4 Be6 13. cxd5 cxd5 14. Nc3
Be5 15. Na4 Bxb2 16. Nxb2 d4 17. Qd3 Qd7 18. Rfd1 Rfd8 19. Rac1 Bf5 20. Qb5 Ne4
21. Qxd7 Rxd7 22. Bb5 Rd6 23. Nc4 Rdd8 24. Bc6 Rac8 25. Bxe4 Bxe4 26. Nd6 Rxc1
27. Rxc1 Bb1 28. Rxb1 Rxd6 29. Rd1 f5 30. Kf1 Kf7 31. Ke2 Ke6 32. Rc1 Ra6 33.
Rc2 Kd5 34. Kd3 g5 35. h3 h5 36. g3 g4 37. h4 Ra3 38. Rc4 Rxa2 39. Rxd4+ Ke5 40.
Rf4 a5 41. Kc3 Re2 42. Kc4 Re4+ 43. Rxe4+ Kxe4 44. Kb5 Kf3 45. Kxa5 Kxf2 46. b4
f4 47. b5 fxg3 48. b6 g2 49. b7 g1=Q 50. b8=Q Qa1+ 1-0

[Event "Oslo Open 2016"]
[Site "Fornebu NOR"]
[Date "2016.10.03"]
[Round "5.23"]
[White "Ingebretsen, Jens E"]
[Black "Tryggestad, Andreas Garberg"]
[Result "1/2-1/2"]
[WhiteElo "1925"]
[BlackElo "2224"]
[WhiteFideId "1522965"]
[BlackFideId "1513338"]
[EventDate "2016.09.30"]

1. e4 c5 2. b3 e6 3. Bb2 b6 4. Nf3 Bb7 5. Nc3 Nc6 6. d4 cxd4 7. Nxd4 Nf6 8. Nxc6
Bxc6 9. Bd3 Bb4 10. f3 d5 11. O-O d4 12. Nb5 e5 13. Qe2 Nh5 14. g3 a6 15. Ba3
Bxa3 16. Nxa3 Qg5 17. Kh1 O-O 18. Nc4 b5 19. Na5 Bd7 20. Rg1 Qh6 21. Raf1 Kh8
22. b4 Bh3 23. Rd1 Be6 24. Nb3 g6 25. Qd2 Qxd2 26. Rxd2 Bc4 27. Bxc4 bxc4 28.
Na5 Rac8 29. c3 d3 30. Re1 Rfe8 31. a4 Ng7 32. b5 axb5 33. axb5 Rc5 34. Rb1 Ne6
35. Rb4 Rb8 36. Nxc4 Rbxb5 37. Rxb5 Rxb5 38. Rxd3 Kg7 39. Rd5 Rb1+ 40. Kg2 Rc1
41. Nxe5 Rc2+ 42. Kg1 Rxc3 43. Rd7 Rc7 44. Rxc7 Nxc7 45. Kf2 h5 46. Ke3 Kf6 47.
f4 Ne6 48. Nd3 Nc7 49. h3 Ke6 50. g4 hxg4 51. hxg4 Nb5 52. e5 Kd5 53. Nf2 g5 54.
Nh3 gxf4+ 55. Kxf4 Ke6 56. Ng5+ Ke7 57. Nf3 Ke6 58. Ke4 1/2-1/2

[Event "Oslo Open 2016"]
[Site "Fornebu NOR"]
[Date "2016.10.03"]
[Round "5.24"]
[White "Terbe, Zsuzsanna"]
[Black "Kvendseth, Cornelius"]
[Result "0-1"]
[WhiteTitle "WFM"]
[WhiteElo "2160"]
[BlackElo "1879"]
[WhiteFideId "708801"]
[BlackFideId "1517309"]
[EventDate "2016.09.30"]

1. Nf3 Nf6 2. g3 g6 3. Bg2 Bg7 4. d4 d5 5. c4 c6 6. cxd5 cxd5 7. Nc3 Qb6 8. O-O
O-O 9. Na4 Qb5 10. Ne5 e6 11. b3 Nbd7 12. Ba3 Re8 13. Nd3 b6 14. Rc1 Qa6 15. Bb2
Qb7 16. Nc3 a6 17. Nb4 Nb8 18. Qd3 Bd7 19. e4 Nc6 20. Nc2 Ne7 21. e5 Ng4 22. h3
Nh6 23. Ne3 Rac8 24. Qd2 b5 25. Ne2 Kh8 26. Rxc8 Rxc8 27. Nc1 Nhg8 28. Nd3 Nc6
29. Nc5 Qa7 30. b4 Nge7 31. Ng4 Be8 32. a3 Nb8 33. Nf6 Bxf6 34. exf6 Ng8 35. Qf4
Qc7 36. Qf3 Qd8 37. Nxe6 fxe6 38. f7 Bxf7 39. Qxf7 Qe7 40. Qf4 Nd7 41. Re1 Qf8
42. Qd2 Rc6 43. Bf1 Ngf6 44. Bd3 Nb6 45. Bc1 Qf7 46. Bb1 Kg8 47. Qe3 Nc4 48. Qf3
Nd7 49. Qg4 Nf6 50. Qe2 Ne8 51. Qd3 Ng7 52. Bf4 Nf5 53. Kg2 Qg7 54. Be3 Ncxe3+
55. fxe3 Qc7 56. Qf1 Qxg3+ 57. Kh1 Nxe3 0-1

[Event "Oslo Open 2016"]
[Site "Fornebu NOR"]
[Date "2016.10.03"]
[Round "5.25"]
[White "Sajjadi, Kimiya"]
[Black "Lillevold, Frode"]
[Result "0-1"]
[WhiteElo "1877"]
[BlackElo "2103"]
[WhiteFideId "1516434"]
[BlackFideId "1502913"]
[EventDate "2016.09.30"]

1. d4 d5 2. c4 e6 3. Nc3 Nf6 4. cxd5 exd5 5. Bg5 c6 6. Qc2 Be7 7. e3 O-O 8. Bd3
Nbd7 9. Nge2 Re8 10. O-O Nf8 11. f3 Be6 12. Rad1 Nh5 13. Bxe7 Qxe7 14. e4 dxe4
15. fxe4 Nf6 16. h3 Rad8 17. Rf2 c5 18. d5 Bc8 19. Rdf1 N8d7 20. Ng3 Ne5 21. Bb5
Rf8 22. Nf5 Bxf5 23. Rxf5 a6 24. Be2 Rd6 25. Qd2 Nfd7 26. Qe3 Rf6 27. Qg5 Re8
28. Bg4 Rxf5 29. Qxf5 Nf6 30. Be2 b5 31. Nd1 c4 32. Kh1 Ned7 33. Nf2 Qe5 34.
Qxe5 Rxe5 35. Bf3 Nc5 36. Re1 Kf8 37. Ng4 Nxg4 38. hxg4 Ke7 39. Kg1 Kd6 40. Kf1
Nd3 41. Rb1 Kc5 42. Ke2 Nb4 43. Rd1 Kd6 44. a3 Nd3 45. Rd2 Rg5 46. Ke3 Ne5 47.
Kf4 f6 48. Re2 Nd7 49. Rd2 Nc5 50. Re2 Nb3 51. Ke3 Re5 52. Re1 Re7 53. Rh1 h6
54. Rd1 Rc7 55. Kf4 Nc5 56. Be2 Re7 57. Rd4 Nb7 58. Bf3 Kc5 59. Ke3 Nd6 60. Rd1
a5 61. Ra1 Rc7 62. Ra2 a4 63. Ra1 Rc8 64. Rc1 Nb7 65. Rd1 Rd8 66. Kf4 Na5 67.
Kf5 Kd6 68. Kf4 Nb3 69. Ke3 Ke5 70. Be2 Nc5 71. Bf3 Rb8 72. Rc1 Nb7 73. Rd1 Nd6
74. Rh1 Nf7 75. Rc1 Rb6 76. Be2 Nd6 77. Bf3 b4 78. axb4 Rxb4 79. Rc2 Rb3+ 80.
Ke2 Rb4 81. Ke3 Nb7 82. Rd2 Nc5 83. d6 Rb3+ 84. Ke2 Rd3 85. Rc2 Kd4 86. g5 hxg5
87. Bg4 Nb7 88. d7 Nd8 89. Bf5 a3 90. bxa3 Rxa3 91. Rb2 Re3+ 92. Kf2 Rb3 93. Ra2
Rb8 94. Ra7 c3 95. Rc7 Rb2+ 96. Kg3 c2 97. Kg4 Nf7 98. g3 Ke3 99. Be6 Ne5+ 100.
Kf5 c1=Q 0-1

[Event "Oslo Open 2016"]
[Site "Fornebu NOR"]
[Date "2016.10.03"]
[Round "5.26"]
[White "Gulbrandsen, Tor"]
[Black "Lindbol, Aleksander"]
[Result "0-1"]
[WhiteElo "2075"]
[BlackElo "1855"]
[WhiteFideId "1504142"]
[BlackFideId "1520644"]
[EventDate "2016.09.30"]

1. e4 c6 2. d4 d5 3. e5 Bf5 4. Nf3 e6 5. Be2 c5 6. Be3 Nd7 7. O-O Ne7 8. dxc5
Nc6 9. Nc3 Bxc5 10. Bxc5 Nxc5 11. Nb5 O-O 12. Nbd4 Bg6 13. Nxc6 bxc6 14. Nd4 Qb6
15. Nb3 Nd7 16. a4 a5 17. Ra3 Nxe5 18. h4 h6 19. h5 Bh7 20. Bd3 Nxd3 21. cxd3 c5
22. d4 c4 23. Nc5 Qxb2 24. Rg3 Bf5 25. Re1 c3 26. Qf3 c2 27. Qf4 Qb8 28. Qe3 Qd6
29. Rc1 Rab8 30. Nd7 Qxd7 31. Qxh6 f6 0-1

[Event "Oslo Open 2016"]
[Site "Fornebu NOR"]
[Date "2016.10.04"]
[Round "6.1"]
[White "Tari, Aryan"]
[Black "Kovalenko, Igor"]
[Result "1/2-1/2"]
[WhiteTitle "GM"]
[BlackTitle "GM"]
[WhiteElo "2570"]
[BlackElo "2651"]
[WhiteFideId "1510045"]
[BlackFideId "14117908"]
[EventDate "2016.09.30"]

1. e4 e5 2. Nf3 Nc6 3. d4 exd4 4. Nxd4 Bb4+ 5. c3 Be7 6. Nxc6 bxc6 7. Bd3 d6 8.
O-O Nf6 9. h3 O-O 10. Be3 Nd7 11. f4 a5 12. Nd2 a4 13. Qc2 Ba6 14. b4 axb3 15.
axb3 Bxd3 16. Qxd3 d5 17. e5 Re8 18. b4 Bf8 19. Nf3 Qe7 20. Bf2 Rxa1 21. Rxa1 f6
22. Ra6 Qf7 23. Bd4 c5 24. exf6 gxf6 25. Bxf6 Nxf6 26. Ng5 Qe7 27. Re6 Qxe6 28.
Nxe6 Rxe6 29. Qf5 Rb6 30. g4 cxb4 31. cxb4 Rd6 32. g5 Nd7 33. Kf2 c5 34. bxc5
Nxc5 35. h4 Rd7 36. h5 d4 37. Ke2 d3+ 38. Kd1 d2 39. h6 Re7 40. Kxd2 Ne4+ 41.
Kc2 Nd6 42. Qd5+ Nf7 43. Kd3 Re8 44. Qg2 Rd8+ 45. Ke4 Rd6 46. Qa2 Bxh6 47. gxh6
Rxh6 48. f5 Rf6 49. Kf4 Kg7 50. Qg2+ Kf8 51. Qa8+ Kg7 52. Qa1 h6 53. Qg1+ Kf8
54. Qd4 Kg7 55. Qd7 Rd6 56. Qe7 Rd4+ 57. Kg3 Rd6 58. Kh4 Rb6 59. Kg3 1/2-1/2

[Event "Oslo Open 2016"]
[Site "Fornebu NOR"]
[Date "2016.10.04"]
[Round "6.2"]
[White "Moiseenko, Alexander"]
[Black "Blomqvist, Erik"]
[Result "1/2-1/2"]
[WhiteTitle "GM"]
[BlackTitle "GM"]
[WhiteElo "2648"]
[BlackElo "2545"]
[WhiteFideId "14102560"]
[BlackFideId "1709437"]
[EventDate "2016.09.30"]

1. d4 d5 2. Bg5 f6 3. Bd2 Nc6 4. e3 e5 5. Bb5 Bd6 6. c4 dxc4 7. d5 a6 8. Bxc4
Nce7 9. Nf3 Nh6 10. e4 Nf7 11. Nc3 Bc5 12. b4 Ba7 13. h3 O-O 14. O-O Nd6 15. Bb3
Kh8 16. Be3 Bxe3 17. fxe3 Bd7 18. Rc1 a5 19. bxa5 Rxa5 20. Rf2 Qb8 21. Kh2 Rc8
22. Rfc2 b5 23. Nd2 Qb6 24. Qf3 Raa8 25. Nd1 c5 26. dxc6 Rxc6 27. Rxc6 Bxc6 28.
Nf2 Rd8 29. Nf1 Nc4 30. Bxc4 bxc4 31. Rxc4 Qa6 32. Rc1 1/2-1/2

[Event "Oslo Open 2016"]
[Site "Fornebu NOR"]
[Date "2016.10.04"]
[Round "6.3"]
[White "Zubov, Alexander"]
[Black "Elsness, Frode"]
[Result "1-0"]
[WhiteTitle "GM"]
[BlackTitle "IM"]
[WhiteElo "2606"]
[BlackElo "2444"]
[WhiteFideId "14109409"]
[BlackFideId "1501100"]
[EventDate "2016.09.30"]

1. d4 Nf6 2. c4 e6 3. Nf3 d5 4. e3 Be7 5. b3 O-O 6. Bd3 c5 7. O-O Nc6 8. Bb2
cxd4 9. exd4 b6 10. Nbd2 Bb7 11. Qe2 Re8 12. Rad1 Rc8 13. Qe3 Bf8 14. Ne5 g6 15.
Ndf3 Nxe5 16. dxe5 Nd7 17. cxd5 Bxd5 18. Ng5 Bh6 19. h4 Qe7 20. Bb1 Nc5 21. Rd4
Red8 22. Rg4 Bb7 23. Bd4 Rc7 24. b4 Na6 25. a3 Rcd7 26. Bc2 Nb8 27. Re1 Rc7 28.
Bb1 Rcd7 29. Kh2 Nc6 30. Bc3 Ba6 31. a4 Bd3 32. b5 Na5 33. Bb4 Qe8 34. Bxa5 Bxb1
35. Bxb6 Rd3 36. Qf4 axb6 37. Rxb1 R8d5 38. Re1 Bg7 39. Nf3 h5 40. Rg3 Qb8 41.
Ng5 Qc7 42. Rxd3 Rxd3 43. g3 Rd7 44. Rc1 Qb8 45. Ne4 Kf8 46. Nd6 Rc7 47. Rc6 Kg8
48. Qc4 Rxc6 49. bxc6 Qc7 50. Ne8 Qc8 51. Nxg7 Kxg7 52. c7 1-0

[Event "Oslo Open 2016"]
[Site "Fornebu NOR"]
[Date "2016.10.04"]
[Round "6.4"]
[White "Chatalbashev, Boris"]
[Black "Devereaux, Maxim L"]
[Result "1-0"]
[WhiteTitle "GM"]
[BlackTitle "IM"]
[WhiteElo "2542"]
[BlackElo "2374"]
[WhiteFideId "2900440"]
[BlackFideId "408280"]
[EventDate "2016.09.30"]

1. d4 Nf6 2. Bg5 d5 3. e3 c5 4. dxc5 Ne4 5. Bh4 Qa5+ 6. c3 Qxc5 7. Nf3 Nc6 8.
Bd3 Bf5 9. Nd4 Nxd4 10. exd4 Qc6 11. O-O Nd6 12. Re1 e6 13. Na3 Be7 14. Bxe7
Kxe7 15. Nc2 Kf8 16. Nb4 Qc7 17. Qh5 g6 18. Qh6+ Kg8 19. Bf1 a5 20. Nd3 Bxd3 21.
Bxd3 Qd8 22. Re3 Qf6 23. Rae1 Rd8 24. h4 Rd7 25. Rf3 Qg7 26. Qf4 h5 27. Rg3 Nf5
28. Bxf5 exf5 29. Re5 Kh7 30. Rxf5 Rhd8 31. Rxh5+ gxh5 32. Rxg7+ Kxg7 33. Qg5+
Kf8 34. Qxh5 Rd6 35. Qh8+ Ke7 36. Qe5+ Kd7 37. Qf5+ Ke7 38. g4 b6 39. h5 Rg8 40.
g5 1-0

[Event "Oslo Open 2016"]
[Site "Fornebu NOR"]
[Date "2016.10.04"]
[Round "6.5"]
[White "Mihajlov, Sebastian"]
[Black "Arnaudov, G. Petar"]
[Result "1/2-1/2"]
[WhiteTitle "FM"]
[BlackTitle "GM"]
[WhiteElo "2356"]
[BlackElo "2474"]
[WhiteFideId "1512110"]
[BlackFideId "2907127"]
[EventDate "2016.09.30"]

1. d4 Nf6 2. c4 g6 3. Nc3 d5 4. Nf3 Bg7 5. Qb3 dxc4 6. Qxc4 O-O 7. e4 Be6 8. d5
Bc8 9. Be2 c6 10. O-O cxd5 11. exd5 Nbd7 12. Rd1 Ne8 13. Qh4 Nd6 14. Nd4 a6 15.
Be3 e5 16. Qxd8 Rxd8 17. Nc6 Re8 18. Na7 Nf5 19. Nxc8 Raxc8 20. Bg4 Nxe3 21.
Bxd7 Nxd1 22. Rxd1 Rxc3 23. bxc3 Rd8 24. Ba4 Bf8 25. c4 Bc5 26. Kf1 f5 27. f3
Kf7 28. Ke2 Ke7 29. Kd3 Kd6 30. Rd2 Rb8 31. Rb2 Bd4 32. Rb1 Ba7 33. Rb3 h5 34.
Rb1 Bc5 35. Bc6 Kc7 36. Ba4 g5 37. h3 Rg8 38. Rf1 h4 39. Bc2 Kd6 40. Ke2 Rf8 41.
Rb1 Rf7 42. Rf1 Bd4 43. Bd3 Kc5 44. Kd2 Rf6 45. Re1 Kd6 46. Rf1 Bc5 47. Rb1 e4
48. fxe4 fxe4 49. Bxe4 Rf2+ 50. Kc3 Rxa2 51. Rxb7 Ke5 52. Bf3 Bd4+ 53. Kd3 Ra3+
54. Kd2 Ra2+ 55. Kd3 Ra3+ 56. Kd2 Ra2+ 1/2-1/2

[Event "Oslo Open 2016"]
[Site "Fornebu NOR"]
[Date "2016.10.04"]
[Round "6.6"]
[White "Krupenski, Juri"]
[Black "Sahl, Sheila Barth"]
[Result "0-1"]
[WhiteTitle "FM"]
[BlackTitle "WIM"]
[WhiteElo "2423"]
[BlackElo "2181"]
[WhiteFideId "4501101"]
[BlackFideId "1500953"]
[EventDate "2016.09.30"]

1. e4 c5 2. Nf3 d6 3. Bb5+ Nd7 4. d4 cxd4 5. Qxd4 a6 6. Bxd7+ Bxd7 7. Nc3 e5 8.
Qd3 h6 9. a4 Nf6 10. O-O Be7 11. Be3 Rc8 12. a5 Qc7 13. Nd2 Qc6 14. Ra4 Be6 15.
Rd1 O-O 16. Nf1 Bc4 17. Qd2 Nxe4 18. Nxe4 Qxa4 19. Nfg3 Be6 20. Nc3 Qg4 21. Rc1
f5 22. Nd5 Bd8 23. f4 Kh8 24. Nb6 Bxb6 25. axb6 Rc6 26. Nh1 exf4 27. Bxf4 Qg6
28. Be3 f4 29. Bxf4 Rxb6 30. Re1 Bf5 31. Qd4 Rc6 32. c3 Re8 33. Re3 Rxe3 34.
Bxe3 Rc8 35. Ng3 Bd3 36. Bf4 Re8 37. h3 Bb5 38. c4 Bc6 39. Qd1 Re6 40. Kh2 h5
41. Qd2 h4 42. Nf1 Qe4 43. Qf2 Kg8 44. Nd2 Qe2 0-1

[Event "Oslo Open 2016"]
[Site "Fornebu NOR"]
[Date "2016.10.04"]
[Round "6.7"]
[White "Ronneland, Daniel"]
[Black "Abdumalik, Zhansaya"]
[Result "0-1"]
[BlackTitle "WGM"]
[WhiteElo "2192"]
[BlackElo "2389"]
[WhiteFideId "1702130"]
[BlackFideId "13703544"]
[EventDate "2016.09.30"]

1. d4 Nf6 2. c4 g6 3. Nc3 d5 4. Nf3 Bg7 5. Qb3 dxc4 6. Qxc4 a6 7. e4 b5 8. Qb3
c5 9. dxc5 Be6 10. Qc2 O-O 11. Be2 Qc7 12. Be3 Ng4 13. Nd1 Nxe3 14. Nxe3 Qa5+
15. Kf1 Nc6 16. Nd5 Rfd8 17. g3 Nb4 18. Nxb4 Bh3+ 19. Kg1 Qxb4 20. Bf1 Bg4 21.
Kg2 Bxf3+ 22. Kxf3 Rd2 23. Qb3 Qxc5 24. Qe3 Qc2 25. e5 Qc6+ 26. Kg4 Qe6+ 27. Kf3
Qd5+ 28. Kg4 Rd4+ 29. Kh3 g5 30. f3 Qxe5 31. Qxe5 Bxe5 32. Bg2 Rad8 33. Rhe1 f6
34. Re2 h5 35. Bf1 h4 36. Rc1 Rd1 37. Rec2 Kf7 38. a4 Rxc1 39. Rxc1 bxa4 40. Rc4
Rd1 41. Kg2 Rd2+ 42. Kh3 Rd1 43. Kg2 h3+ 44. Kf2 Rd2+ 45. Be2 Rxb2 46. Rxa4 a5
47. f4 gxf4 48. gxf4 Bd6 49. Re4 f5 50. Rc4 Kf6 51. Kf3 Ra2 52. Rd4 a4 53. Bd3
Rxh2 54. Rxa4 Rd2 55. Bf1 h2 56. Bg2 Rd1 0-1